000
00270nam a22001097a 4500
008
230620b xxu||||| |||| 00| 0 eng d
082
_a
322.43
_b
LEA 1954
245
_a
Defeating Mau Mau
260
_a
London
_b
Methuen & Co. Ltd
_c
1954
300
_a
VII,151p
942
_2
ddc
_c
BK
999
_c
1800
_d
1800